Φωτεινή Σάντρη : ["Ο Κόκκινος Βράχος"] τρίπρακτο δράμα
Αποθηκεύτηκε σε:
| Κύριος συγγραφέας: | |
|---|---|
| Μορφή: | Βιβλίο |
| Γλώσσα: | Greek |
| Δημοσίευση: |
Αθήναι :
Ιωάννης Δ. Κολλάρος & Σία Βιβλιοπωλείον της "Εστίας",
1930.
|
| Έκδοση: | 2η έκδ. |
| Θέματα: | |
| Ετικέτες: |
Προσθήκη ετικέτας
Δεν υπάρχουν, Καταχωρήστε ετικέτα πρώτοι!
|
MARC
| LEADER | 00000cam a2200000 a 4500 | ||
|---|---|---|---|
| 001 | 1/118259 | ||
| 008 | 190318s1930####gr | ||| |||| ||gre|| | ||
| 040 | |a GR-MyUa |b gre |c GR-MyUa |e AACR2 | ||
| 041 | 0 | |a gre | |
| 082 | 7 | |a 889.26 |2 (23) | |
| 100 | 1 | |a Ξενόπουλος, Γρηγόριος, |d 1867-1951. | |
| 245 | 1 | 0 | |a Φωτεινή Σάντρη : |b ["Ο Κόκκινος Βράχος"] τρίπρακτο δράμα / |c Γρηγορίου Ξενόπουλου. |
| 250 | |a 2η έκδ. | ||
| 260 | |a Αθήναι : |b Ιωάννης Δ. Κολλάρος & Σία Βιβλιοπωλείον της "Εστίας", |c 1930. | ||
| 300 | |a 91 σ. ; |c 18 εκ. | ||
| 501 | |a Με : Θέατρον (Ψυχοσάββατο, Χερουβείμ, Πολυγαμία, Μονογαμία) / Γρηγορίου Ξενόπουλου. 2η έκδ.,2ος τ. Αθήναι: Εστία, 1925. Δεμένα μαζί μετά τη δημοσίευσή τους. | ||
| 650 | 0 | |a Drama |y 20th century |x History and criticism. | |
| 650 | 0 | |a Greek literature, Modern |y 20th century |x History and criticism. | |
| 740 | 0 | |a Θέατρον (Ψυχοσάββατο - Χερουβείμ - Πολυγαμία - Μονάκριβη) |n 2ος τ. | |
| 852 | |a INST |b RHODES |c AKA |e 20190318 |h 889.2 ΞΕΝ |p 005400040513 |q 005400040513 |t BK |y 0 | ||
| 970 | |a Μαρία |b Κωτάκου |z 18-03-2019 | ||